00346nam a2200121Ia 4500008004100000041001200041082002100053100002100074245006300095260003300158300001300191650002000204231217s9999 xx 000 0 und d aEnglish a621.36 SMI;1 R aSmith, Warren J. 0aModern optical engineering : the design of optical systems c1966bMacgraw-hillaNew York axii, 476 aoptical,optical